<?xml version="1.0" encoding="UTF-8"?>
<record
    xmlns:xsi="http://www.w3.org/2001/XMLSchema-instance"
    xsi:schemaLocation="http://www.loc.gov/MARC21/slim http://www.loc.gov/standards/marcxml/schema/MARC21slim.xsd"
    xmlns="http://www.loc.gov/MARC21/slim">

  <leader>01423nam a22002057a 4500</leader>
  <controlfield tag="005">20231205145904.0</controlfield>
  <controlfield tag="008">231205b           ||||| |||| 00| 0 eng d</controlfield>
  <datafield tag="020" ind1=" " ind2=" ">
    <subfield code="a">1559344296</subfield>
  </datafield>
  <datafield tag="040" ind1=" " ind2=" ">
    <subfield code="a">LC</subfield>
    <subfield code="c">WIUC-GH</subfield>
  </datafield>
  <datafield tag="050" ind1=" " ind2=" ">
    <subfield code="a">BF176 .C63</subfield>
  </datafield>
  <datafield tag="100" ind1=" " ind2=" ">
    <subfield code="a">Cohen, Ronald Jay</subfield>
    <subfield code="9">2865</subfield>
  </datafield>
  <datafield tag="245" ind1=" " ind2=" ">
    <subfield code="a">101 exercises in psychological testing and assessment. /</subfield>
    <subfield code="c">Ronald Jay Cohen</subfield>
  </datafield>
  <datafield tag="250" ind1=" " ind2=" ">
    <subfield code="a">3rd ed.</subfield>
  </datafield>
  <datafield tag="260" ind1=" " ind2=" ">
    <subfield code="a">Mountain view, Calif.:</subfield>
    <subfield code="b">Mayfield publishing company,</subfield>
    <subfield code="c">1996.</subfield>
  </datafield>
  <datafield tag="300" ind1=" " ind2=" ">
    <subfield code="a">xi, 267p.:</subfield>
  </datafield>
  <datafield tag="505" ind1=" " ind2=" ">
    <subfield code="a">Contents: An Overview: Psychological testing and assessment -- Historical, cultural and legal/ethical issues -- The science of psychological measurement: A statistics refresher -- Norms, correlation and regression -- Reliability -- Validity -- Test development -- The assessment of intelligence: Intelligence and its measurement -- Tests of intelligence -- Preschool and educational assessment -- 
Personality assessment: Objective methods and overview -- Projective methods -- Other personality and behavioral measures-- 
Testing and assessment in action: Clinical and counselling assessment -- Neuropsychological assessment -- The Assessment of people with disabling conditions -- Industrial/organizational assessment -- Consumer assessment -- Computer-assisted psychological assessment -- </subfield>
  </datafield>
  <datafield tag="650" ind1=" " ind2=" ">
    <subfield code="a">Problems and exercises</subfield>
    <subfield code="9">2866</subfield>
  </datafield>
  <datafield tag="650" ind1=" " ind2=" ">
    <subfield code="a">Psychological tests</subfield>
    <subfield code="v">Problems and exercises</subfield>
    <subfield code="9">2867</subfield>
  </datafield>
  <datafield tag="942" ind1=" " ind2=" ">
    <subfield code="2">lcc</subfield>
    <subfield code="c">BK</subfield>
  </datafield>
  <datafield tag="999" ind1=" " ind2=" ">
    <subfield code="c">10242</subfield>
    <subfield code="d">17742</subfield>
  </datafield>
  <datafield tag="952" ind1=" " ind2=" ">
    <subfield code="0">0</subfield>
    <subfield code="1">0</subfield>
    <subfield code="2">lcc</subfield>
    <subfield code="4">0</subfield>
    <subfield code="7">0</subfield>
    <subfield code="a">WIUC-KL</subfield>
    <subfield code="b">WIUC-KL</subfield>
    <subfield code="c">GEN</subfield>
    <subfield code="d">2023-12-06</subfield>
    <subfield code="o">BF176.C63(3e)</subfield>
    <subfield code="p">K/3300/0398/23</subfield>
    <subfield code="r">2023-12-05 00:00:00</subfield>
    <subfield code="y">BK</subfield>
  </datafield>
</record>
